A wild thing.

Bibliographic Details
Main Author: Renvoizé, Jean
Format: Book
Language:English
Published: London : Macmillan, 1970.

MARC

Tag First Indicator Second Indicator Subfields
LEADER 00000cam a2200000 4500
001 in00003483333
005 20151206122714.0
008 910607s1970 enk 11 00101eeng c
010 |a  70487065  
037 |c 35/- 
040 |d UtOrBLW 
082 0 |a 823/.9/14 
090 |a PZ6700.E69  |b W56 
100 1 |a Renvoizé, Jean. 
245 1 2 |a A wild thing. 
264 1 |a London :  |b Macmillan,  |c 1970. 
300 |a 219 pages ;  |c 21 cm. 
336 |a text  |b txt  |2 rdacontent 
337 |a unmediated  |b n  |2 rdamedia 
338 |a volume  |b nc  |2 rdacarrier 
999 |a MARS 
999 f f |s d3a7ac8d-2b7c-323f-9c04-267698dce84b  |i 800ce5b3-fd3a-3d15-830d-1ace3adbb5d0  |t 0 
952 f f |p ric  |a Texas A&M University  |b Rellis Campus  |c Joint Library Facility  |d Remote Storage  |t 0  |e PZ6700.E69 W56  |h Library of Congress classification  |i unmediated -- volume  |m 32060000406484 
998 f f |a PZ6700.E69 W56  |t 0  |l Remote Storage